000
00188nam a2200109Ia 4500
100
_a
#N/A
942
_c
BK
245
_a
LFY JULY 2012
260
_b
#N/A
546
_a
ENGLISH
999
_c
24203
_d
24203